|
|
|
|
| LEADER |
00915nam a2200289 a 4500 |
| 001 |
000549540 |
| 003 |
CZ BrMZK |
| 005 |
20200313095413.0 |
| 007 |
ta |
| 008 |
010907s1996 fr f fre d |
| 020 |
|
|
|a 2-02-030026-5
|
| 040 |
|
|
|a BOA001
|b cze
|
| 072 |
|
7 |
|a 316
|x Sociologie
|2 Konspekt
|9 18
|
| 080 |
|
|
|a 316
|2 MRF
|
| 080 |
|
|
|a (048.8)
|2 MRF
|
| 100 |
1 |
|
|a Bourdieu, Pierre,
|d 1930-2002
|7 jn20010602372
|4 aut
|
| 245 |
1 |
0 |
|a Raisons pratiques :
|b sur la théorie de l'action /
|c Pierre Bourdieu
|
| 260 |
|
|
|a Paris :
|b Éditions du Seuil,
|c 1996
|
| 300 |
|
|
|a 245 s. ;
|c 18 cm
|
| 490 |
1 |
|
|a Points. Essais ;
|v 331
|
| 541 |
|
|
|a Paris, Vivre Livres!
|
| 650 |
0 |
7 |
|a sociologie
|7 ph116198
|2 czenas
|
| 655 |
|
7 |
|a studie
|7 fd133597
|2 czenas
|
| 830 |
|
0 |
|a Points. Essais
|
| 910 |
|
|
|a BOA001
|b 1-1089.002
|
| 990 |
|
|
|a BK
|
| 996 |
7 |
|
|b 2610140872
|c 1-1089.002
|l MZK
|r Sklad / do 1 hodiny
|n 3
|p dar
|w 000549540
|u 000010
|a 1
|e BOA001
|j MZK50
|s A
|